000 00839nam a2200241Ia 4500
003 OSt
005 20220923220900.0
006 a|||||r|||| 00| 0
007 ta
008 220922b |||||||| |||| 00| 0 hin d
024 _a191,850
037 _cTextual
040 _aARTS
_cARTS
_bhin
041 _2hin
_ahin
082 _aV2.N4, 152L6
100 _aसिंह, हीरालाल
245 0 _aभारत में ब्रिटिश राज की समस्याएॅ और नीतिमॉ
246 _aBhārat mean briṭish rāj kī samasyāeॅ aur nītimaॉ
260 _aनई दिल्ली
_b मैकमिलन कम्पनी
_c1976
300 _a297पृ.
_ccm.
942 _hV2.N4, 152L6
_cTEXL
_2CC
999 _c344506
_d344506